Osudy Němců z Jizerských hor po roce 1945 = Schicksale der Deutschen aus dem Isergebirge nach 1945 /

Hlavní autor: Laurin, Petra, 1962-
Další autoři: Nováková, Irena, Petrásková, Christa, 1941-
Jazyk: Němčina
Čeština
Vydáno: Jablonec nad Nisou : Dům česko-německého porozumění v Rýnovicích, 2025
Vydání: Vydání druhé
Témata:
Fyzický popis: 317 stran : ilustrace, portréty, faksimile ; 25 cm
Language note: Souběžný německý text
Knihy
Uloženo v:
LEADER 03656nam a2200865 i 4500
001 nkc20253672826
003 CZ PrNK
005 20250528085533.0
007 ta
008 250214s2025 xr ach f 000 0dcze
015 |a cnb003672826 
020 |a 978-80-909356-1-7  |q (vázáno) 
035 |a (OCoLC)1522999696 
040 |a BOA001  |b cze  |d ABA001  |e rda 
041 1 |a cze  |a ger  |h cze 
043 |a e-pl---  |a e-xr---  |b e-xr-cc  |2 czenas 
045 |a x4y- 
072 7 |a 323  |x Vnitropolitický vývoj, politický život  |2 Konspekt  |9 15 
080 |a (=112.2)  |2 MRF 
080 |a (=162.3):(=112.2)  |2 MRF 
080 |a 314.151.1(=112.2)  |2 MRF 
080 |a 316.72  |2 MRF 
080 |a 316.728  |2 MRF 
080 |a 930:17.024.3  |2 MRF 
080 |a 159.923.2:17.024.3  |2 MRF 
080 |a 314.15-026.49:061.2  |2 MRF 
080 |a 930.2-028.16  |2 MRF 
080 |a 323.1  |2 MRF 
080 |a (437.31-17)  |2 MRF 
080 |a (048.8:082)  |2 MRF 
100 1 |a Laurin, Petra,  |d 1962-  |7 jo2016904797  |4 aut 
245 1 0 |a Osudy Němců z Jizerských hor po roce 1945 =  |b Schicksale der Deutschen aus dem Isergebirge nach 1945 /  |c Petra Laurin, Irena Nováková, Christa Petrásková 
246 3 1 |a Schicksale der Deutschen aus dem Isergebirge nach 1945 
246 1 4 |a Osudy Němců =  |b Schicksale der Deutschen 
250 |a Vydání druhé 
264 1 |a Jablonec nad Nisou :  |b Dům česko-německého porozumění v Rýnovicích,  |c 2025 
300 |a 317 stran :  |b ilustrace, portréty, faksimile ;  |c 25 cm 
336 |a text  |b txt  |2 rdacontent 
337 |a bez média  |b n  |2 rdamedia 
338 |a svazek  |b nc  |2 rdacarrier 
500 |a "Nové, rozšířené vydání"--Obálka 
500 |a Chronologické přehledy 
504 |a Obsahuje bibliografii 
546 |a Souběžný německý text 
648 7 |a od 1945  |7 ch601408  |2 czenas 
648 7 |a 1945-1948  |7 ch460655  |2 czenas 
650 0 7 |a Němci  |7 ph117943  |z Česko  |y od 1945  |2 czenas 
650 0 7 |a Češi a Němci  |7 ph135237  |y od 1945  |2 czenas 
650 0 7 |a odsun Němců  |7 ph809856  |z Československo  |y 1945-1948  |2 czenas 
650 0 7 |a kulturní identita  |7 ph122024  |z Československo  |y od 1945  |2 czenas 
650 0 7 |a každodenní život  |7 ph121555  |z Československo  |y od 1945  |2 czenas 
650 0 7 |a vyrovnání se s minulostí  |7 ph210129  |2 czenas 
650 0 7 |a krajanské spolky a organizace  |7 ph115005  |2 czenas 
650 0 7 |a orální historie  |7 ph123826  |2 czenas 
650 0 9 |a Germans  |z Czechia  |y 1945-  |2 eczenas 
650 0 9 |a Czechs and Germans  |y 1945-  |2 eczenas 
650 0 9 |a cultural identity  |z Czechoslovakia  |y 1945-  |2 eczenas 
650 0 9 |a everyday life  |z Czechoslovakia  |y 1945-  |2 eczenas 
650 0 9 |a coming to terms with the past  |2 eczenas 
650 0 9 |a associations of fellow-countrymen  |2 eczenas 
650 0 9 |a oral history  |2 eczenas 
651 7 |a Jizerské hory (Česko a Polsko : oblast)  |7 ge291853  |x národnostní poměry  |y od 1945  |2 czenas 
651 9 |a Jizerské hory Mountains Region (Czechia and Poland)  |x nationalities relations  |y 1945-  |2 eczenas 
655 7 |a kolektivní monografie  |7 fd501537  |2 czenas 
655 9 |a collective monographs  |2 eczenas 
700 1 |a Nováková, Irena  |7 jo2016904806  |4 aut 
700 1 |a Petrásková, Christa,  |d 1941-  |7 ola2008455623  |4 aut 
700 1 2 |a Laurin, Petra,  |d 1962-  |t Osudy Němců z Jizerských hor po roce 1945 
700 1 2 |a Laurin, Petra,  |d 1962-  |t Osudy Němců z Jizerských hor po roce 1945.  |l Německy 
910 2 |a BOA001  |b 2-1543.492 
928 9 |a Haus der deutsch-tschechischen Verständigung 
990 |a BK 
995 |a 01 
991 |b 202504  |c NOV 
996 6 |b 2611001509  |c 2-1543.492  |l MZK  |r Sklad / do 1 hodiny  |n 0  |p p.v.  |w 002003475  |u 000010  |a 1  |e BOA001  |j MZK50  |s P